Poistný trh v Slovenskej republike

Slovenský poistný trh je rozvinutý. K 31.12.2004 pôsobilo na Slovensku 26 poisťovní, z toho 20 bolo združených v Slovenskej asociácii poisťovní. Vývoj trhu v oblasti životného poistenia je dynamickejší ako v neživotnom poistení. SR sa postupne približuje poistnému európskemu priemeru, ktorý zhruba p...

Descripción completa

Guardado en:
Detalles Bibliográficos
Autor principal: Drugdová, Barbora
Formato: Capítulo de libro
Lenguaje:eslovaco
Materias:
Etiquetas: Agregar Etiqueta
Sin Etiquetas, Sea el primero en etiquetar este registro!

MARC

LEADER 00000naa$a2200000$$$4500
001 0047651
005 20240502083126.6
041 0 |a slo 
044 |a CZ 
245 1 0 |a Poistný trh v Slovenskej republike  |c Barbora Drugdová 
520 |a Slovenský poistný trh je rozvinutý. K 31.12.2004 pôsobilo na Slovensku 26 poisťovní, z toho 20 bolo združených v Slovenskej asociácii poisťovní. Vývoj trhu v oblasti životného poistenia je dynamickejší ako v neživotnom poistení. SR sa postupne približuje poistnému európskemu priemeru, ktorý zhruba predstavuje 65 percent v prospech životného poistenia. Prispôsobenie legislatívy SR v oblasti poistenia a poisťovníctva legislatíve EÚ. 
610 2 0 |a trh poistný 
610 2 0 |a Slovensko 
610 2 0 |a poistenie životné 
610 2 0 |a poistenie neživotné 
610 2 0 |a legislatíva 
610 2 0 |a Európska únia 
100 1 |a Drugdová, Barbora